000 00376 a2200169 4500
001 189645
020 _a978-85-7208-539-7
040 _cMagnum
100 _aSouza, Ângela Leite de
240 1 0 _aO guarda-tempo
_lpor
245 1 0 _aO guarda-tempo
300 _a64
362 0 _a2008
440 1 _aFormato Editorial
697 _aLITERATURA INFANTO-JUVENIL
942 _cBK
999 _c189645
_d189645